ბათუმის შოთა რუსთაველის სახელმწიფო უნივერსიტეტის ბიბლიოთეკა

ციტოკინებისა და მარეგულირებელი T- უჯრედების როლი პირველი ტიპის დიაბეტის პათოგენეზში / (ბიბ.ჩანაწერი № 51792)

000 -ლიდერი
ფიქსირებული სიგრძის საკონტროლო ველი 01343nam a2200229Ia 4500
001 - საკონტროლო ნომერი
საკონტროლო ველი 18784
003 - საკონტროლო ნომრის იდენტიფიკატორი
საკონტროლო ველი GE_BSU
005 - ბოლო ოპერაციის თარიღი და დრო
საკონტროლო ველი 20210413115152.0
008 - ფიქსირებული სიგრძის მონაცემთა ელემენტები - ზოგადი ინფორმაცია
ფიქსირებული სიგრძის საკონტროლო ველი 181216s2015||||ge |||||||||||||| ||geo||
040 ## - კატალოგიზაციის წყარო
Transcribing agency GE_BSU
041 ## - ენის კოდი
Language code of text/sound track or separate title geo
080 ## - უნივერსალური ათობითი კლასიფიკაციის ინდექსი
Universal Decimal Classification number 61 რ-52
100 ## - მთავარი ჩანაწერი - პიროვნების სახელი
Personal name რეხვიაშვილი, ხათუნა
9 (RLIN) 11263
245 ## - ცნობა სათაურის შესახებ
Title ციტოკინებისა და მარეგულირებელი T- უჯრედების როლი პირველი ტიპის დიაბეტის პათოგენეზში /
Statement of responsibility, etc ხათუნა რეხვიაშვილი; მეცნ. ხელმძღვანელი თ. ჩიქოვანი; თბილისის სახ-ლო სამედიცინო უნ-ტი.
264 ## - წარმოების, გამოცემის, დისტრიბუციის და სხვა ცნობები
გამოცემის, წარმოების, დისტრიბუციის... ადგილი თბილისი,
გამოცემის, წარმოების, დისტრიბუციის... თარიღი 2015.
300 ## - ფიზიკური აღწერა
Extent 109 გვ.;
Other physical details 30 სმ.
653 ## - INDEX TERM--UNCONTROLLED
Uncontrolled term დისერტაცია
653 ## - INDEX TERM--UNCONTROLLED
Uncontrolled term მედიცინა
653 ## - INDEX TERM--UNCONTROLLED
Uncontrolled term ციტოკინებისა და მარეგულირებელი T- უჯრედების როლი პირველი ტიპის დიაბეტის პათოგენეზში
700 ## - ADDED ENTRY--PERSONAL NAME
Personal name ჩიქოვანი, თ.
Relator term მეცნ. ხელმძღვანელი
9 (RLIN) 11264
942 ## - ADDED ENTRY ELEMENTS (KOHA)
Koha item type წიგნი
Source of classification or shelving scheme
ეგზემპლარები
ჩამოწერის სტატუსი დაკარგული ეგზემპლარის სტატუსი კლასიფიკაციის წყარო ან თაროზე გაწყობის სქემა დაზიანების სტატუსი არ გაიცემა მუდმივი მდებარეობა (დაცვის ადგილი) ამჟამინდელი ადგილსამყოფელი თაროზე განთავსების ადგილი შეძენის თარიღი სრული შენახვის შიფრი შტრიხკოდი ბოლო ოპერაციის თარიღი ეგზემპლარის მიმდევრობითი ნომერი (კეტერი?) ფასის ძალაში შესვლის თარიღი ეგზემპლარის სახეობა
          ბათუმის შოთა რუსთაველის სახელმწიფო უნივერსიტეტის მთავარი ბიბლიოთეკა ბათუმის შოთა რუსთაველის სახელმწიფო უნივერსიტეტის მთავარი ბიბლიოთეკა წიგნსაცავი 2018-12-17 61 რ-52 216 დისერტ. 2018-12-17 216 2018-12-17 დისერტაცია